Loading...
| Ancient History and Archaeology | 4 | 20.00 | 300% | 50% | 200% |
| Beliefs | 18 | 20.56 | 233% | 122% | 139% |
| British and Commonwealth History | 3 | 23.33 | 400% | 200% | 67% |
| Current Events | 3 | 26.67 | 300% | 167% | 133% |
| Fine Arts - Auditory | 8 | 18.75 | 263% | 113% | 88% |
| Fine Arts - Visual | 8 | 20.00 | 125% | 100% | 175% |
| Geography | 4 | 20.00 | 300% | 150% | 75% |
| History - American | 9 | 16.67 | 278% | 133% | 44% |
| History - European | 6 | 20.00 | 200% | 167% | 117% |
| History - World | 6 | 25.00 | 217% | 183% | 150% |
| Literature - American | 4 | 22.50 | 200% | 200% | 150% |
| Literature - British | 9 | 17.78 | 189% | 133% | 89% |
| Literature - European | 7 | 21.43 | 171% | 157% | 157% |
| Other Academic | 3 | 26.67 | 267% | 200% | 200% |
| Other Arts: Auditory | 4 | 20.00 | 300% | 125% | 75% |
| Other Arts: Visual | 6 | 20.00 | 133% | 117% | 183% |
| Other Science: Astronomy | 1 | 20.00 | 400% | 200% | 0% |
| Other Science: Computer Science | 2 | 20.00 | 200% | 200% | 100% |
| Other Science: Earth Science | 1 | 30.00 | 400% | 200% | 200% |
| Other Science: Math | 1 | 20.00 | 0% | 200% | 200% |
| Philosophy | 8 | 23.75 | 263% | 138% | 175% |
| Science - Biology | 6 | 18.33 | 150% | 133% | 117% |
| Science - Chemistry | 6 | 16.67 | 200% | 83% | 133% |
| Science - Physics | 8 | 20.00 | 200% | 138% | 138% |
| Social Science | 8 | 21.25 | 213% | 125% | 163% |
| World and Other Literature | 8 | 17.50 | 163% | 75% | 150% |